Fr. Conceicao Rodrigues College of Engineering

Financial Accounting (Record no. 36242)

MARC details
000 -LEADER
fixed length control field 00389nam a22001697a 4500
003 - CONTROL NUMBER IDENTIFIER
control field OSt
005 - DATE AND TIME OF LATEST TRANSACTION
control field 20250908140444.0
007 - PHYSICAL DESCRIPTION FIXED FIELD--GENERAL INFORMATION
fixed length control field 634 pages
008 - FIXED-LENGTH DATA ELEMENTS--GENERAL INFORMATION
fixed length control field 250908b |||||||| |||| 00| 0 eng d
020 ## - INTERNATIONAL STANDARD BOOK NUMBER
International Standard Book Number 9789354437656
040 ## - CATALOGING SOURCE
Transcribing agency
082 ## - DEWEY DECIMAL CLASSIFICATION NUMBER
Edition number 7
Classification number 657
Item number NAR
245 ## - TITLE STATEMENT
Title Financial Accounting
Statement of responsibility, etc. Narayanaswamy,R
250 ## - EDITION STATEMENT
Edition statement 7
260 ## - PUBLICATION, DISTRIBUTION, ETC.
Name of publisher, distributor, etc. PHI
Date of publication, distribution, etc. 2025
942 ## - ADDED ENTRY ELEMENTS (KOHA)
Source of classification or shelving scheme Dewey Decimal Classification
Koha item type BOOK
Edition 7
Call number prefix 657
Call number suffix NAR
Suppress in OPAC No
Holdings
Withdrawn status Lost status Source of classification or shelving scheme Damaged status Not for loan Collection Home library Current library Date acquired Cost, normal purchase price Inventory number Total Checkouts Total Renewals Full call number Barcode Date last seen Date last checked out Price effective from Koha item type
    Dewey Decimal Classification     Computers Fr. Agnel's C.Rodrigues- College of Engineering AGNEL TECHNICAL COLLEGE LIBRARY 08/09/2025 995.00 AO/25/8/360 dt 1.9.2025 2 1 657/NAR 26768 26/11/2025 17/11/2025 08/09/2025 BOOK
    Dewey Decimal Classification     Computers Fr. Agnel's C.Rodrigues- College of Engineering Fr. Agnel's C.Rodrigues College of Engineering 08/09/2025 995.00 AO/25/8/360 dt 1.9.2025 1   657/NAR 26769 01/06/2026 11/09/2025 08/09/2025 BOOK